000 01033nam0a22002891 4500
001 v19\rc\1813583
005 20260406145711.0
035 _a(NLR Aleph) 004938686
090 _a5757413
_c5757413
100 _a20071224d1906 u y0rusy50 ca
101 1 _arus
_cfre
102 _aRU
105 _ay z |||||
200 1 _aИскушение святого Антония
_fГустав Флобер
_gПер. [с фр.] А.И. Шестаковой
205 _a[2-е изд.]
210 _aСанкт-Петербург
_cэлектро-тип. Н.Я. Стойковой
_d1906
215 _a112 с.
_d19
700 1 _8rus
_7ca
_aФлобер
_bГ.
_f1821-1880
_gГюстав
_3RU\NLR\AUTH\774757
_9114733
702 1 _4730
_7ca
_8rus
_aХоментовская
_bА. И.
_f1881-1942
_gАнна Ильинична
_9266414
_3RU\NLR\AUTH\770266470
801 0 _aRU
_bNLR
_gpsbo
801 0 _aRU
_bRuMoRGB
_2psbo
801 1 _aRU
_bProSoft-M
_2rusmarc
852 _aNLR
_j119/106
899 _aБАН
942 _cBOOK
980 _aNB